Temario 1986 : los temas del año del cometa /

Incluye en la presentación de cada tema las principales noticias que se generaron durante el año. El texto va acompañado de las notas aclaratorias, los recuadros específicos del propio autor, de algún especialista o de los redactores y opiniones de autoría.

-д хадгалсан:
Номзүйн дэлгэрэнгүй
Формат: Ном
Хэл сонгох:испани
Хэвлэсэн: México : Difusora Internacional, 1987
Нөхцлүүд:
Шошгууд: Шошго нэмэх
Шошго байхгүй, Энэхүү баримтыг шошголох эхний хүн болох!

MARC

LEADER 00000nam^a2200000^a^4500
001 000021116
005 20250521000000.0
009 20260526113704.758
020 |a 968-7258-10-1 
037 |a Acervo ITESO - Biblioteca 
041 |a ESP 
082 |a 903.  |b TEM 1986 
240 1 1 |a [Anuario de los temas] 
245 1 0 |a Temario 1986 :  |b los temas del año del cometa / 
264 1 |a México :  |b Difusora Internacional,  |c 1987 
300 |a 453 p. 
336 |a texto  |b txt  |2 rdacontenido 
337 |a sin mediación  |b n  |2 rdamedio 
338 |a volumen  |b nc  |2 rdasoporte 
520 |a Incluye en la presentación de cada tema las principales noticias que se generaron durante el año. El texto va acompañado de las notas aclaratorias, los recuadros específicos del propio autor, de algún especialista o de los redactores y opiniones de autoría. 
649 |a XX 
650 |a Historia Moderna -  |y Siglo XX 
650 |a Anuarios 
650 |a Cronología Histórica -  |y 1980-1989 
910 |a Fondo General 
920 |a Impresos - Libros 
930 |a Obras de Referencia 
905 |a 102 
901 |a 0211160100  |b IT2  |c REF  |i 021116  |u 20250521 
902 |a https://opac.biblio.iteso.mx/vufind/Record/000021116